| 000 | 00473nam a22001812 4500 | ||
|---|---|---|---|
| 001 | 0000004705 | ||
| 005 | 20170406120031.0 | ||
| 008 | 141117s xx 000 0 eng d | ||
| 020 | _c$ | ||
| 040 |
_aYour Holding Symbol _cYour Holding Symbol |
||
| 100 | 1 | _aWolverton,Van. | |
| 245 | 1 | 0 | _aRunning Ms Dos. |
| 250 | _a2nd ed. | ||
| 260 |
_aNew Zealand : _bmicrosoft, _c1984. |
||
| 300 |
_a423 p. : _bill ; _c cm. |
||
| 650 | 0 | _ams dos. | |
| 908 | _a141117 | ||
| 999 |
_c4519 _d4519 |
||